Normal view
MARC view
- Muhammad Musadiq Ahmed (00000204209)
Entry Personal Name
001 - CONTROL NUMBER
- control field: 116458
003 - CONTROL NUMBER IDENTIFIER
- control field: NUST
005 - DATE AND TIME OF LATEST TRANSACTION
- control field: 20230912165949.0
008 - FIXED-LENGTH DATA ELEMENTS
- fixed length control field: 230912|| aca||aabn | a|a d
040 ## - CATALOGING SOURCE
- Original cataloging agency: NUST
- Transcribing agency: NUST
100 ## - HEADING--PERSONAL NAME
- Personal name: Muhammad Musadiq Ahmed (00000204209)
670 ## - SOURCE DATA FOUND
- Source citation: Work cat.: (NUST): Muhammad Musadiq Ahmed (00000204209), Optimal phasor measurement unit placement considering contingency and zero injection bus in meshed transmission network /, 2019
